Grammar Quiz #6 - Statistics

General Stats
  • This quiz has been taken 838 times
  • The average score is 10 of 12
Answer Stats
Question Answer % Correct
____ were you born? Where
95%
What is 'would've' a contraction of? Would have
95%
____ had a lot of fun at the picnic yesterday. Melissa and I
94%
____ a nice family. They're
94%
Bob had a cup of tea with __. Me
93%
The ___ of this will be felt worldwide. Effect
91%
I ___ New York last year. Visited
87%
I want to buy some lemons__ I'll buy them on Tuesday. ;
83%
Which sentence uses passive voice? A book was written by me.
78%
In this story, the author ___ to 'Anne of Green Gables.' Alludes
68%
My grandmother was born in the ___. '60s
52%
Q. "___ are you going to choose?" A."Him." Whom
39%
No matching quizzes found
Score Distribution
Percent of People with Each Score
Percentile by Number Answered
Your Score History
You have not taken this quiz